| 000 | 00000nam 2200000zi 4500 |
| 001 | 9.941158 |
| 003 | CaOODSP |
| 005 | 20240726143053 |
| 006 | m o d f |
| 007 | cr mn||||||||| |
| 008 | 240726s1991 onc o f000 0 fre d |
| 040 | |aCaOODSP|bfre|erda|cCaOODSP |
| 043 | |an-cn---|ae------ |
| 086 | 1 |aCo22-474/1991F-PDF |
| 100 | 1 |aRivest, Thérèse, |eauteur. |
| 245 | 10|aRapport de la mission canadienne en Europe sur l'apprentissage à distance et la formation assistée par ordinateur du 17 au 27 juin 1991 / |cpar Thérèse Rivest et Keith Chang. |
| 264 | 1|a[Ottawa] : |bCommunications Canada, |c[1991] |
| 300 | |a1 ressource en ligne (1 volume (en pagination multiple)) |
| 336 | |atexte|btxt|2rdacontent/fre |
| 337 | |ainformatique|bc|2rdamedia/fre |
| 338 | |aressource en ligne|bcr|2rdacarrier/fre |
| 500 | |aÉdition numérisée de l'imprimé [par Innovation, sciences et développement économique Canada]. |
| 500 | |aPublié aussi en anglais sous le titre : Report on the Canadian mission to Europe on distance learning and computer-based training, June 17 to 27, 1991. |
| 650 | 6|aEnseignement assisté par ordinateur|zCanada. |
| 650 | 6|aEnseignement assisté par ordinateur|zEurope. |
| 650 | 6|aEnseignement à distance|zCanada. |
| 650 | 6|aEnseignement à distance|zEurope. |
| 710 | 1 |aCanada. |bCommunications Canada, |eorganisme de publication. |
| 775 | 08|tReport on the Canadian mission to Europe on distance learning and computer-based training, June 17 to 27, 1991 / |w(CaOODSP)9.899009 |
| 856 | 40|qPDF|s1.00 Mo|uhttps://publications.gc.ca/collections/collection_2024/isde-ised/co22/Co22-474-1991-fra.pdf |